| 000 | 00699nam a2200277Ia 4500 | ||
|---|---|---|---|
| 003 | OSt | ||
| 005 | 20220912151408.0 | ||
| 006 | a|||||r|||| 00| 0 | ||
| 007 | ta | ||
| 008 | 220909b |||||||| |||| 00| 0 eng d | ||
| 024 | _a36925 | ||
| 037 | _cTextual | ||
| 040 |
_aCSL _beng _cCSL |
||
| 041 | _aeng | ||
| 082 | _aC5:22, L1 | ||
| 100 | _aLavin E P | ||
| 245 | 0 | _aSpecular reflection | |
| 260 |
_aLondon _bAdam Hilger _c1971 |
||
| 300 |
_aix, 106p. _ccm. |
||
| 490 | _aMonographs on applied optics; 2 | ||
| 500 |
_aBibliography 101-104p. _ccm. |
||
| 650 | _a Holography | ||
| 650 | _aPhysics | ||
| 942 |
_hC5:22, L1 _cTEXL _2CC |
||
| 999 |
_c67510 _d67510 |
||